[Event "AUT-chT2M 2223"]
[Site "Austria"]
[Date "2023.04.14"]
[Round "10.2"]
[White "Kuba, Guenter"]
[Black "Testor, Sebastian"]
[Result "1/2-1/2"]
[WhiteElo "2323"]
[BlackElo "2325"]
[PlyCount "62"]
[EventDate "2022.09.30"]
[EventType "team-tourn"]
[EventRounds "11"]
[EventCountry "AUT"]
[SourceTitle "EXT 2024"]
[Source "ChessBase"]
[SourceDate "2023.10.10"]
[SourceVersion "1"]
[SourceVersionDate "2023.10.10"]
[SourceQuality "1"]
[WhiteTeam "Fuerstenfeld/Hartberg"]
[BlackTeam "Sauwald"]
[WhiteTeamCountry "AUT"]
[BlackTeamCountry "AUT"]

1. e4 e6 2. d4 d5 3. Nd2 c5 4. exd5 exd5 5. Ngf3 Nc6 6. Bb5 Qe7+ 7. Be2 Qc7 8. 0-0 Nf6 9. Re1 Be7 10. dxc5 Bxc5 11. Nb3 Be7 12. Bg5 0-0 13. c3 Rd8 14. h3 Bf5 15. Nfd4 Be4 16. Bd3 Re8 17. Nf5 Bd8 18. Ng3 Bg6 19. Rxe8+ Nxe8 20. Bxd8 Rxd8 21. Bxg6 hxg6 22. Qd2 Ne5 23. Nd4 Nc4 24. Qc2 Nf6 25. Re1 Qd7 26. Re2 Re8 27. b3 Nd6 28. Qd3 a6 29. Nf3 Rxe2 30. Nxe2 Nde4 31. Nd2 Nxd2 1/2-1/2

[Event "BL2-Ost 2122"]
[Site "Germany"]
[Date "2022.06.18"]
[Round "7.5"]
[White "Testor, Sebastian"]
[Black "Webersberger, Johann"]
[Result "1/2-1/2"]
[WhiteElo "2324"]
[BlackElo "2356"]
[PlyCount "26"]
[EventDate "2022.03.05"]
[EventType "team-tourn"]
[EventRounds "10"]
[EventCountry "GER"]
[SourceTitle "EXT 2023"]
[Source "ChessBase"]
[SourceDate "2022.10.05"]
[SourceVersion "1"]
[SourceVersionDate "2022.10.05"]
[SourceQuality "1"]
[WhiteTeam "Passau"]
[BlackTeam "Bayern Muenchen II"]
[WhiteTeamCountry "GER"]
[BlackTeamCountry "GER"]

1. d4 Nf6 2. c4 g6 3. Nc3 Bg7 4. e4 0-0 5. Nf3 d6 6. h3 c6 7. Be3 a6 8. Be2 b5 9. a3 bxc4 10. Bxc4 d5 11. Bd3 dxe4 12. Nxe4 Be6 13. 0-0 Nbd7 1/2-1/2

[Event "BL2-Ost 2122"]
[Site "Germany"]
[Date "2022.05.14"]
[Round "5.6"]
[White "Dudin, Gleb"]
[Black "Testor, Sebastian"]
[Result "1-0"]
[WhiteElo "2495"]
[BlackElo "2351"]
[PlyCount "81"]
[EventDate "2022.03.05"]
[EventType "team-tourn"]
[EventRounds "10"]
[EventCountry "GER"]
[SourceTitle "EXT 2023"]
[Source "ChessBase"]
[SourceDate "2022.10.05"]
[SourceVersion "1"]
[SourceVersionDate "2022.10.05"]
[SourceQuality "1"]
[WhiteTeam "Deggendorf"]
[BlackTeam "Passau"]
[WhiteTeamCountry "GER"]
[BlackTeamCountry "GER"]

1. c4 e6 2. Nc3 d5 3. d4 Nf6 4. cxd5 exd5 5. Bg5 Be7 6. e3 0-0 7. Bd3 Nbd7 8. Qc2 c6 9. Nf3 Re8 10. Bf4 Nf8 11. h3 Bd6 12. g3 Qe7 13. Bxd6 Qxd6 14. 0-0-0 b5 15. Kb1 Bb7 16. g4 a6 17. g5 N6d7 18. h4 c5 19. dxc5 Nxc5 20. Nd4 Rac8 21. Bf5 Nce6 22. Qd2 Rc4 23. Nce2 Nxd4 24. Nxd4 Ne6 25. Rhe1 g6 26. Bd3 Nxd4 27. exd4 Rcc8 28. f4 Rcd8 29. Re5 Rxe5 30. fxe5 Qe6 31. Qg2 Bc8 32. Rf1 Qb6 33. Qf2 Be6 34. h5 Rb8 35. hxg6 hxg6 36. Qh4 Bf5 37. Bxf5 gxf5 38. Qf4 Rb7 39. Rh1 Rc7 40. Qh4 Kf8 41. g6 1-0

[Event "BL2-Ost 2122"]
[Site "Germany"]
[Date "2022.03.05"]
[Round "1.7"]
[White "Mertens, Fridolin"]
[Black "Testor, Sebastian"]
[Result "0-1"]
[WhiteElo "2130"]
[BlackElo "2323"]
[PlyCount "84"]
[EventDate "2022.03.05"]
[EventType "team-tourn"]
[EventRounds "10"]
[EventCountry "GER"]
[SourceTitle "EXT 2023"]
[Source "ChessBase"]
[SourceDate "2022.10.05"]
[SourceVersion "1"]
[SourceVersionDate "2022.10.05"]
[SourceQuality "1"]
[WhiteTeam "Loeberitz"]
[BlackTeam "Passau"]
[WhiteTeamCountry "GER"]
[BlackTeamCountry "GER"]

1. e4 e6 2. d4 d5 3. e5 c5 4. c3 Qb6 5. Nf3 Nc6 6. Bd3 cxd4 7. 0-0 Bd7 8. Re1 Nh6 9. a3 Be7 10. b4 f5 11. b5 Na5 12. Nxd4 0-0-0 13. a4 Kb8 14. Ba3 Bc5 15. Bxc5 Qxc5 16. Re2 Rc8 17. Rc2 Rc7 18. Qc1 Rhc8 19. Qg5 Qf8 20. Rc1 Nc4 21. f4 Nf7 22. Qh5 Qg8 23. Kh1 g6 24. Qf3 Qf8 25. Ra2 Qe7 26. Qf2 g5 27. g3 Nh8 28. a5 Rc5 29. Bxc4 Rxc4 30. Rac2 gxf4 31. gxf4 Ng6 32. Nd2 Ra4 33. a6 Qh4 34. Qxh4 Nxh4 35. axb7 Kxb7 36. c4 Ng6 37. N2b3 dxc4 38. Rxc4 Rcxc4 39. Rxc4 Rxc4 40. Na5+ Kb6 41. Nxc4+ Kc5 42. b6 Kxd4 0-1

[Event "BL2-Ost 1920"]
[Site "Germany"]
[Date "2021.08.08"]
[Round "10.7"]
[White "Bielmeier, Ludwig"]
[Black "Testor, Sebastian"]
[Result "1/2-1/2"]
[WhiteElo "2093"]
[BlackElo "2303"]
[PlyCount "71"]
[EventDate "2019.10.19"]
[EventType "team-tourn"]
[EventRounds "11"]
[EventCountry "GER"]
[SourceTitle "EXT 2023"]
[Source "ChessBase"]
[SourceDate "2022.10.05"]
[SourceVersion "1"]
[SourceVersionDate "2022.10.05"]
[SourceQuality "1"]
[WhiteTeam "Deggendorf"]
[BlackTeam "Passau"]
[WhiteTeamCountry "GER"]
[BlackTeamCountry "GER"]

1. Nf3 Nf6 2. c4 e6 3. g3 d5 4. Bg2 Be7 5. 0-0 0-0 6. b3 b6 7. Bb2 Bb7 8. cxd5 exd5 9. d3 Nbd7 10. Nbd2 Re8 11. Rc1 Bd6 12. Re1 a6 13. Qc2 c5 14. Qb1 Rb8 15. e4 d4 16. Bh3 g6 17. Rc2 Nh5 18. Nc4 Bc7 19. Bg2 b5 20. Ncd2 Ba5 21. a3 Ng7 22. b4 Bb6 23. Rcc1 Ne6 24. Nb3 cxb4 25. axb4 Qe7 26. Nbxd4 Qxb4 27. Nxe6 Rxe6 28. Ng5 Re7 29. Qa1 Qd2 30. Nh3 Qxd3 31. Bh8 f6 32. Bxf6 Rf7 33. Rcd1 Qc2 34. Rc1 Qb3 35. Rcd1 Qc2 36. Rc1 1/2-1/2

[Event "BL2-Ost 1920"]
[Site "Germany"]
[Date "2019.11.24"]
[Round "4.5"]
[White "Testor, Sebastian"]
[Black "Haba, Petr"]
[Result "0-1"]
[WhiteElo "2303"]
[BlackElo "2459"]
[PlyCount "88"]
[EventDate "2019.10.19"]
[EventType "team-tourn"]
[EventRounds "11"]
[EventCountry "GER"]
[SourceTitle "CBM 194 Extra"]
[Source "ChessBase"]
[SourceDate "2020.03.31"]
[SourceVersion "1"]
[SourceVersionDate "2020.03.31"]
[SourceQuality "1"]
[WhiteTeam "Passau"]
[BlackTeam "Erfurt"]
[WhiteTeamCountry "GER"]
[BlackTeamCountry "GER"]

1. d4 d5 2. c4 dxc4 3. Nf3 Nf6 4. e3 a6 5. Bxc4 e6 6. 0-0 c5 7. b3 cxd4 8. Nxd4 Bd6 9. Bb2 0-0 10. h3 Qe7 11. Nd2 e5 12. N4f3 Nc6 13. Rc1 Bd7 14. Qc2 Rad8 15. Rfd1 Ba3 16. Ne4 Bxb2 17. Nxf6+ Qxf6 18. Qxb2 Bxh3 19. Bd5 Bg4 20. Bxc6 Rxd1+ 21. Rxd1 bxc6 22. Rd2 Bxf3 23. gxf3 h5 24. Qa3 Qg5+ 25. Kh2 e4 26. fxe4 Qh4+ 27. Kg1 Qg4+ 28. Kh2 Re8 29. Qxa6 Qh4+ 30. Kg1 Re6 31. Qc8+ Kh7 32. Rd8 Rf6 33. Rh8+ Kg6 34. f4 Qg3+ 35. Kh1 Qf3+ 36. Kh2 Qf2+ 37. Kh1 Qf1+ 38. Kh2 Qf2+ 39. Kh1 Qxe3 40. Rh6+ Kxh6 41. Qh8+ Kg6 42. f5+ Kg5 43. Qxg7+ Kh4 44. Qxf6+ Kh3 0-1

[Event "AUT-chT2M 1920"]
[Site "Austria"]
[Date "2019.11.10"]
[Round "6.2"]
[White "Testor, Sebastian"]
[Black "Ftacnik, Lubomir"]
[Result "0-1"]
[WhiteElo "2332"]
[BlackElo "2521"]
[PlyCount "78"]
[EventDate "2019.10.11"]
[EventType "team-tourn"]
[EventRounds "11"]
[EventCountry "AUT"]
[SourceTitle "CBM 192 Extra"]
[Source "Chessbase"]
[SourceDate "2019.11.06"]
[SourceVersion "1"]
[SourceVersionDate "2019.11.06"]
[SourceQuality "1"]
[WhiteTeam "Sauwald"]
[BlackTeam "Pinggau Friedberg"]
[WhiteTeamCountry "AUT"]
[BlackTeamCountry "AUT"]

1. d4 Nf6 2. Nf3 g6 3. c4 Bg7 4. Nc3 d5 5. Bf4 0-0 6. Rc1 dxc4 7. e4 c5 8. dxc5 Qa5 9. e5 Nh5 10. Be3 Rd8 11. Qa4 Qxa4 12. Nxa4 Nc6 13. Bxc4 Nxe5 14. Nxe5 Bxe5 15. 0-0 Bf5 16. Nc3 Nf4 17. g3 Nd3 18. Bxd3 Bxd3 19. Rfd1 Bf5 20. Rxd8+ Rxd8 21. Rd1 Rxd1+ 22. Nxd1 Be6 23. a3 Bb3 24. Nc3 a6 25. Kf1 f5 26. Ke2 Kf7 27. Kd3 Bf6 28. f3 e5 29. Ne2 Bd5 30. f4 exf4 31. gxf4 Bxb2 32. Nc3 Bb3 33. a4 Ke6 34. a5 Ba3 35. Ne2 Kd5 36. Nc3+ Kc6 37. Ne2 Ba4 38. Nd4+ Kd5 39. Nf3 Bb5+ 0-1

[Event "BL2-Ost 1819"]
[Site "Germany"]
[Date "2018.12.15"]
[Round "3.5"]
[White "Testor, Sebastian"]
[Black "Krensing, Jan"]
[Result "1-0"]
[WhiteElo "2289"]
[BlackElo "2356"]
[PlyCount "55"]
[EventDate "2018.11.10"]
[EventType "team-tourn"]
[EventRounds "10"]
[EventCountry "GER"]
[SourceTitle "CBM 190 Extra"]
[Source "ChessBase"]
[SourceDate "2019.07.15"]
[SourceVersion "1"]
[SourceVersionDate "2019.07.15"]
[SourceQuality "1"]
[WhiteTeam "Passau"]
[BlackTeam "Bindlach"]
[WhiteTeamCountry "GER"]
[BlackTeamCountry "GER"]

1. d4 Nf6 2. Nf3 e6 3. c4 b6 4. g3 Bb7 5. Bg2 g6 6. Nc3 Ne4 7. d5 Nxc3 8. Qd4 f6 9. Qxc3 Bg7 10. 0-0 0-0 11. Rd1 f5 12. Qc2 Na6 13. Rb1 exd5 14. cxd5 Nc5 15. Be3 Ne4 16. Nd2 Bxd5 17. Nxe4 Bxe4 18. Bxe4 fxe4 19. Qxe4 Rf7 20. Rbc1 Bxb2 21. Rxc7 Qxc7 22. Qxa8+ Kg7 23. Qd5 Qc6 24. Qb3 Be5 25. Bh6+ Kg8 26. Rc1 Qb7 27. Qd5 d6 28. Qe6 1-0

[Event "AUT-chT2M 1819"]
[Site "Austria"]
[Date "2018.11.24"]
[Round "4.3"]
[White "Testor, Sebastian"]
[Black "Tomazini, Zan"]
[Result "1/2-1/2"]
[WhiteElo "2291"]
[BlackElo "2436"]
[PlyCount "73"]
[EventDate "2018.10.19"]
[EventType "team-tourn"]
[EventRounds "11"]
[EventCountry "AUT"]
[SourceTitle "CBM 187 Extra"]
[Source "ChessBase"]
[SourceDate "2018.11.04"]
[SourceVersion "1"]
[SourceVersionDate "2018.11.04"]
[SourceQuality "1"]
[WhiteTeam "Sauwald"]
[BlackTeam "Maria Saal II"]
[WhiteTeamCountry "AUT"]
[BlackTeamCountry "AUT"]

1. d4 Nf6 2. Nf3 e6 3. c4 Bb4+ 4. Nbd2 d6 5. g3 Nbd7 6. Bg2 e5 7. a3 Bxd2+ 8. Bxd2 0-0 9. Qc2 Re8 10. 0-0 e4 11. Ng5 Qe7 12. f3 c5 13. dxc5 dxc5 14. Nxe4 Nxe4 15. Qxe4 Qxe4 16. fxe4 Ne5 17. b3 Bg4 18. Bf3 Bd7 19. Bc3 Bc6 20. Rad1 Re7 21. Rd2 Rae8 22. Rfd1 f6 23. Rd8 Kf7 24. Bh5+ g6 25. Rxe8 Kxe8 26. Bf3 Nd7 27. Kf2 Bxe4 28. Rd6 f5 29. a4 Bc2 30. b4 Bxa4 31. Bxb7 Nb6 32. bxc5 Rxb7 33. cxb6 axb6 34. Bd4 Bb3 35. Rxb6 Rxb6 36. Bxb6 Bxc4 37. h4 1/2-1/2

[Event "AUT-chT2M 1718"]
[Site "Austria"]
[Date "2018.04.07"]
[Round "11.3"]
[White "Testor, Sebastian"]
[Black "Genser, Harald"]
[Result "1/2-1/2"]
[WhiteElo "2307"]
[BlackElo "2306"]
[PlyCount "85"]
[EventDate "2017.10.27"]
[EventType "team-tourn"]
[EventRounds "11"]
[EventCountry "AUT"]
[SourceTitle "EXT 2019"]
[Source "ChessBase"]
[SourceDate "2018.10.10"]
[SourceVersion "1"]
[SourceVersionDate "2018.10.10"]
[SourceQuality "1"]
[WhiteTeam "Sauwald"]
[BlackTeam "Die Klagenfurter"]
[WhiteTeamCountry "AUT"]
[BlackTeamCountry "AUT"]

1. d4 d5 2. c4 e6 3. Nf3 a6 4. cxd5 exd5 5. Nc3 Nf6 6. Bf4 Bd6 7. Bxd6 Qxd6 8. e3 Be6 9. Bd3 Nbd7 10. 0-0 0-0 11. Qc2 c5 12. dxc5 Nxc5 13. Rfd1 Qe7 14. Rac1 Rac8 15. Qb1 g6 16. Nd4 Rfd8 17. h3 Bd7 18. Be2 Nce4 19. Qd3 Nc5 20. Qb1 Nce4 21. Nxe4 Nxe4 22. Bf3 Rxc1 23. Qxc1 Rc8 24. Qb1 Nf6 25. Rc1 Rc5 26. Rc2 Be6 27. Qc1 Nd7 28. Nb3 Rxc2 29. Qxc2 Qb4 30. Nd4 Qc5 31. Qxc5 Nxc5 32. Kf1 Kf8 33. Ke2 Na4 34. Nb3 b6 35. Kd3 Ke7 36. Kc2 Bf5+ 37. Kc1 Kd6 38. Be2 a5 39. Bb5 Nc5 40. Nxc5 Kxc5 41. Be2 d4 42. Kd2 f6 43. h4 1/2-1/2

[Event "Oberliga Bayern 1718"]
[Site "Bayern"]
[Date "2018.02.04"]
[Round "6.4"]
[White "Testor, Sebastian"]
[Black "Wachinger, Guenther"]
[Result "1/2-1/2"]
[WhiteElo "2307"]
[BlackElo "2191"]
[PlyCount "36"]
[EventDate "2017.10.22"]
[EventType "team-tourn"]
[EventRounds "9"]
[EventCountry "GER"]
[SourceTitle "EXT 2020"]
[Source "ChessBase"]
[SourceDate "2019.10.17"]
[SourceVersion "1"]
[SourceVersionDate "2019.10.17"]
[SourceQuality "1"]
[WhiteTeam "Passau"]
[BlackTeam "Pang/Rosenheim"]
[WhiteTeamCountry "GER"]
[BlackTeamCountry "GER"]

1. d4 Nf6 2. Nf3 c5 3. d5 e6 4. Nc3 Nxd5 5. Nxd5 exd5 6. Qxd5 Be7 7. e4 0-0 8. Bc4 Nc6 9. 0-0 d6 10. Qh5 Be6 11. Bxe6 fxe6 12. Ng5 Bxg5 13. Bxg5 Qe8 14. Qxe8 Raxe8 15. Rad1 h6 16. Bh4 Rf4 17. Bg3 Rxe4 18. Bxd6 Re2 1/2-1/2

[Event "Oberliga Bayern 1718"]
[Site "Bayern"]
[Date "2017.12.10"]
[Round "4.5"]
[White "Leeb, Simon"]
[Black "Testor, Sebastian"]
[Result "1-0"]
[WhiteElo "2155"]
[BlackElo "2307"]
[PlyCount "75"]
[EventDate "2017.10.22"]
[EventType "team-tourn"]
[EventRounds "9"]
[EventCountry "GER"]
[SourceTitle "EXT 2020"]
[Source "ChessBase"]
[SourceDate "2019.10.17"]
[SourceVersion "1"]
[SourceVersionDate "2019.10.17"]
[SourceQuality "1"]
[WhiteTeam "Muenchen Suedost"]
[BlackTeam "Passau"]
[WhiteTeamCountry "GER"]
[BlackTeamCountry "GER"]

1. d4 e6 2. Nf3 c5 3. g3 b5 4. Bf4 Bb7 5. e3 a6 6. a4 b4 7. c4 bxc3 8. bxc3 Nf6 9. Bg2 Nc6 10. 0-0 Be7 11. Nbd2 Na5 12. Qc2 cxd4 13. cxd4 Nd5 14. e4 Rc8 15. Qd3 Rc3 16. Qe2 Nxf4 17. gxf4 Qc7 18. f5 0-0 19. d5 Qf4 20. dxe6 fxe6 21. fxe6 dxe6 22. Rfc1 Rfc8 23. Rxc3 Rxc3 24. Rb1 Qd6 25. Qe1 Qc5 26. Bh3 Kf7 27. Bf1 Bc6 28. Bxa6 Bxa4 29. Bf1 Nc6 30. e5 Nd4 31. Qe4 Nxf3+ 32. Nxf3 Bc2 33. Qf4+ Bf5 34. Rd1 Qb4 35. Rd4 Qb1 36. Kg2 Qb7 37. Bc4 g5 38. Qxf5+ 1-0